|
|
|
|
| LEADER |
00633nam a2200193 a 4500 |
| 001 |
000638585 |
| 003 |
CZ BrMZK |
| 005 |
20030318153057.0 |
| 007 |
ta |
| 008 |
021127s1945 xxu f cze d |
| 040 |
|
|
|a BOA001
|b cze
|c BOA001
|
| 100 |
1 |
|
|a Henzl, Vladimír,
|d 1910-1978
|7 jk01040751
|4 aut
|
| 245 |
1 |
0 |
|a Čtvero počasí /
|c Jan Kolovrat
|
| 260 |
|
|
|a New York :
|b [s.n.],
|c 1945
|f (Tiskařské podniky Rich Vogla)
|
| 300 |
|
|
|a 95 s.
|
| 500 |
|
|
|a Jan Kolovrat je pseudonym Vladimíra Henzla
|
| 910 |
|
|
|a BOA001
|b 2-0188.607
|
| 990 |
|
|
|a BK
|
| 996 |
6 |
|
|b 2618779847
|c 2-0188.607
|l MZK
|r Sklad / do 24 hodin
|n 0
|w 000638585
|u 000010
|a 1
|e BOA001
|j MZK50
|s P
|